Camillo Sitte y el nacimiento del urbanismo moderno
Sparad:
| Huvudupphovsmän: | , , |
|---|---|
| Materialtyp: | Bok |
| Språk: | spanska |
| Publicerad: |
Barcelona
Gustavo Gili
1980
|
| Serie: | Biblioteca de arquitectura
|
| Ämnen: | |
| Taggar: |
Lägg till en tagg
Inga taggar, Lägg till första taggen!
|
MARC
| LEADER | 00000nam a2200000 a 4500 | ||
|---|---|---|---|
| 001 | UCY3121 | ||
| 003 | CL-VaPUC | ||
| 008 | 941213e19800000SP |||||||||||||||||spa|d | ||
| 082 | 0 | 4 | |a 711.55 |b COL |2 21 |
| 100 | 0 | |a Collins, George R |e author |9 331332 | |
| 700 | 0 | |a Collins, Christiane Crasemann |e author |9 331333 | |
| 700 | 0 | |a Sitte, Camillo |e author |9 331334 | |
| 245 | 1 | 0 | |a Camillo Sitte y el nacimiento del urbanismo moderno |
| 246 | 1 | 0 | |a Construcción de ciudades según principios artisticos |
| 300 | |a 462 p | ||
| 942 | |c BK | ||
| 945 | |d 19941213 00:00:00 |a mfernand | ||
| 260 | |a Barcelona |b Gustavo Gili |c 1980 | ||
| 650 | 7 | |a URBANISMO HISTORIA |2 CL-VaPUC |9 268823 | |
| 650 | 7 | |a PLAZAS DISEÑOS Y PLANOS |2 CL-VaPUC |9 331335 | |
| 583 | |a last modification |c 19941213 00:00:00 |k Rodrigo Vera | ||
| 490 | 0 | |a Biblioteca de arquitectura | |
| 999 | |c 231350 |d 231348 | ||
| 952 | |0 0 |1 0 |4 0 |6 711_550000000000000_COL_1980 |7 0 |8 A |9 234523 |a BIBARQ |b BIBARQ |d 2019-11-15 |i 3043193 |o 711.55 COL 1980 |p 3043193 |r 2025-01-20 |w 2019-11-15 |y BK |k ARQ | ||